000 01538nam a22002897a 4500
001 5945
003 FISKH
005 20250210155405.0
008 250210b cb ||||| |||| 00| 0 eng d
020 _a9780545058018
040 _aFISKH
_beng
_cFISKH
_dFISKH
050 _aPZ7.E5853 O
082 _a813.6
100 _aEmerson, Kevin
_d(1994-)
245 _aThe vampire's photograph /
_cKevin Emerson
250 _aThis edition first published in 2008
260 _aNew York :
_bScholastic,
_c2008.
300 _a209 pages :
_c20 cm
505 _aR
520 _aOliver's life is no different from those of most middle school kids--except he sleeps in a coffin and drinks blood for breakfast Oliver Nocturne lives a pretty normal life--he deals with bullies, has an obnoxious older brother, and generally feels misunderstood. But being a vampire presents another host of problems, especially when he feels--he knows--he's not quite like everyone else. When Emalie, a human girl with a troubled past, takes a picture of him, Oliver ignores the rules that forbid him from interacting with humans and agrees to show her the darkest secrets of the Seattle underworld. But their quest will uncover more than vampire mythology--they will learn the terrible truth about Oliver's past and his purpose. And for Emalie, this knowledge could come at a fatal price.
521 8 _a780
_bLexile
521 8 _aR
_bRaz-Plus
650 _2Middle grade
_aFantasy
650 _2Vampires
_aZombies
942 _2ddc
_cBK
_n0
999 _c5945
_d5945